000 00486nam a22001577a 4500
003 OSt
005 20151207135327.0
008 151207b xxu||||| |||| 00| 0 eng d
040 _cRUA
082 _aFIS ម៉ា 1991 B189 Or.1
100 _94448
_aម៉ា,​រឹត
245 _aជ្រើសរើសកំលាំងអូសទាញក្នុងវិស័យកសិកម្ម
260 _aPhnom Penh
_bRUA
_c1991
300 _a53p.
_bill.
_c29cm.
942 _2ddc
_cATM
999 _c4148
_d4148